| 000 | 00733cam a2200229 a 4500 | ||
|---|---|---|---|
| 001 | 13130424 | ||
| 003 | 0 | ||
| 005 | 20170213124843.0 | ||
| 008 | 030320s2004 njua b 001 0 eng | ||
| 020 | _a9780131828018 | ||
| 040 | _cSPU | ||
| 050 | 0 | 0 |
_aPE 1417 _b.P74 2004 |
| 245 | 0 | 4 |
_aThe Prentice Hall reader / _c[compiled by] George Miller. |
| 250 | _a7th ed., Annotated instructor's ed. | ||
| 260 |
_aUpper Saddle River, N.J. : _bPearson/Prentice Hall, _c2004. |
||
| 300 |
_axxxiv, 619 p. : _bill. ; _c22 cm. |
||
| 504 | _aIncludes bibliographical references and index. | ||
| 650 | 0 | _aCollege readers. | |
| 650 | 0 |
_aEnglish language _xRhetoric _vProblems, exercises, etc. |
|
| 700 | 1 |
_aMiller, George, _d1943- |
|
| 942 |
_2lcc _cBK |
||
| 999 |
_c48543 _d48543 |
||